| 000 | 01403naa a22003617a 4500 | ||
|---|---|---|---|
| 001 | BR7903155 | ||
| 003 | BR-BrBNA | ||
| 005 | 20240918174403.0 | ||
| 007 | ta | ||
| 008 | 230509b bl.||||| |||| 00| 0 por d | ||
| 040 |
_aBR-BrBNA _bpor _cBiblioteca Nacional de Agricultura |
||
| 041 | _a(Pt) | ||
| 072 |
_aH10 _b0336 _b4020 |
||
| 090 | _aH10 BR7903155 | ||
| 100 | 1 | _aPanizzi, A.R. | |
| 100 | 1 | _aFerreira, B.S.C. | |
| 100 | 1 | _aGazzoni, D.L. | |
| 100 | 1 | _aVillas Boas, G.L. | |
| 100 | 1 | _aCorso, I.C. | |
| 111 | 1 |
_a3. Reuniao de Pesquisa de Soja da Regiao Centro; 7. Reuniao de Pesquisa de Soja da Regiao Sul; 3. Reuniao de Pesquisa de Soja das Regioes Norte e Nordeste _cDourados, MS (Brazil); Porto Alegre, RS (Brazil); Sao Luis, MA (Brazil) _d3 Jul 1979; 30 Jul 1979; 14 Aug 1979 |
|
| 245 | 1 | _aEntomologia [lagarta, percevejo, controle biologico, controle quimico, soja, Glycine max] | |
| 260 | 3 |
_aLondrina, PR (Brasil): _c1979. |
|
| 500 | _aResultados de pesquisa de soja 1978/79 Londrina, PR (Brasil): 1979. p. 185-224 (BR7903155-AM)H10 | ||
| 650 | _aSOJA | ||
| 650 | _aLAGARTA | ||
| 650 | _aPERCEVEJO | ||
| 650 | _aPARASITO DE PLANTA | ||
| 650 | _aCONTROLE BIOLOGICO | ||
| 650 | _aCONTROLE QUIMICO | ||
| 773 | 0 |
_tResultados de pesquisa de soja 1978/79 _wH10 BR7903155 _gLondrina, PR (Brasil), 1979. p. 185-224 |
|
| 909 |
_a202404 _bLucia _c55 _dLucia Elande |
||
| 942 |
_cAM _2AGRIS |
||
| 999 |
_c310915 _d310915 |
||